000 00464nam a2200169Ia 4500
999 _c2785
_d2785
003 OSt
005 20200818124841.0
008 190216s9999||||xx |||||||||||||| ||und||
040 _coclc
082 _a540
_bTHO/M
100 _aThomas, A O
_94188
245 0 _aModern Chemistry /
_cA O Thomas
260 _bScientific Book Co,
_c1999.
_aKannur:
300 _a435p
650 _aChemistry-Chemistry
942 _cBK
_2ddc
_h540
_iTHO/M
_k540
_mTHO/M